| 000 | 00000nam##2200000za#4500 |
| 001 | 9.572031 |
| 003 | CaOODSP |
| 005 | 20220111083042 |
| 007 | cr ||||||||||| |
| 008 | 150406|1989||||xxc|||||o f|0| 0 eng|d |
| 022 | |a1928-6414 |
| 040 | |aCaOODSP|beng |
| 043 | |an-cn--- |
| 086 | 1 |aNE22-1/1989-9E-PDF |
| 110 | 1 |aCanada. |bNational Energy Board. |
| 245 | 10|aReasons for decision in the matter of Foothills Pipe Lines (Alta.) Ltd. : |h[electronic resource]|bapplication for facilities |
| 246 | 1 |iVariant title : |aFoothills Pipe Lines (Alta.) Ltd. |
| 260 | |aOttawa - Ontario : |bNational Energy Board |cJune 1989. |
| 300 | |a31p.|bfigs., map, tables |
| 490 | 1 |aReasons for decision|x1928-6414|vGHW-1-89 |
| 500 | |aThe catalogue number (NE22-1/1989-9E) and ISBN (0-662-17163-2) for the print edition have been incorrectly copied in this electronic publication. |
| 590 | |a12-04-Supp|b2012-02-20 |
| 775 | 08|tMotifs de décision relativement à Foothills Pipe Lines (Alta.) Ltd. : |w(CaOODSP)9.602446 |
| 830 | #0|aReasons for decision (Canada. National Energy Board)|x1928-6414|vGHW-1-89|w(CaOODSP)9.504480 |
| 856 | 40|ahttp://publications.gc.ca|qPDF|s166 KB|uhttps://publications.gc.ca/collections/Collection/NE22-1-1989-9E.pdf|yGHW-1-89 |